| 000 | 00751nam a22002057a 4500 | ||
|---|---|---|---|
| 005 | 20131218152958.0 | ||
| 010 | _aENG-108889 | ||
| 020 |
_a9789382816072 _c1295.00 |
||
| 035 | _aEN-92422 | ||
| 037 | _bDBAD/PUB | ||
| 082 | _a658.4092 | ||
| 100 | _aMiluwi, Joshua O. | ||
| 245 |
_aEthical perspectives and leadership practices for good governance in the 21st century / _cby Joshua O. Miluwi [and] HIna Rashid |
||
| 260 |
_aNew Delhi _bManglam Publishers and Distributors _c2013 |
||
| 270 |
_aL-21/1, Street No.5, Shivaji Marg, Near Kali Mandir, J.P. Nagar, Kartar Nagar , West Ghonda _bNew Delhi _e110053 |
||
| 300 |
_a408p. _c22cm(Hb) |
||
| 500 | _aIncludes index | ||
| 700 | _a Hina Rashid | ||
| 942 |
_2ddc _cEN _mMIL _h658.4092 |
||
| 999 |
_c81232 _d81232 |
||